Tercera residencia: 1935-1945

Guardat en:
Dades bibliogràfiques
Autor principal: Neruda, Pablo (autor)
Format: Llibre
Idioma:espanyol
Publicat: Buenos Aires Losada S. A 1966
Edició:2a. ed
Col·lecció:Biblioteca Clásica y Contemporánea
Matèries:
Etiquetes: Afegir etiqueta
Sense etiquetes, Sigues el primer a etiquetar aquest registre!

MARC

LEADER 00000cam a2200000 a 4500
001 UCF8349
003 CL-VaPUC
005 20250416120902.0
008 130829e19660000ag |||||||||||||||||spa|d
999 |c 352923  |d 352921 
040 |c Pontificia Universidad Católica de Valparaíso 
082 0 4 |a Ch861  |b NER  |2 21 
100 |a Neruda, Pablo  |e autor  |9 306531 
245 1 0 |a Tercera residencia: 1935-1945 
250 |a 2a. ed 
260 |a Buenos Aires  |b Losada S. A  |c 1966 
300 |a 101 p 
490 0 |a Biblioteca Clásica y Contemporánea 
583 |a last modification  |c 20130829 16:45:00  |k Rodrigo Vera 
650 0 |a Poesías chilenas   |9 265280 
650 0 |a Literatura chilena   |9 308278 
942 |c BK  |2 ddc 
945 |d 20130829 16:45:00  |a dcastane 
952 |0 0  |1 0  |3 erb  |4 0  |6 CH_861_000000000000000_NER_1966  |7 0  |8 A  |9 457718  |a BIBEDU  |b BIBEDU  |d 2019-11-23  |i 4997018  |o Ch861 NER 1966  |p 4997018  |r 2019-11-23  |w 2019-11-23  |y BK  |z Catalogado en:20130829  |k LIT